| 000 | 01329nam a2200337 a 4500 | ||
|---|---|---|---|
| 001 | 000115827 | ||
| 003 | CHAP | ||
| 005 | 20220329144550.0 | ||
| 008 | 190710s2019 mx a sm |||||||spa d | ||
| 010 | _a112288 | ||
| 011 | _a113260 | ||
| 040 | _cCHAP | ||
| 090 | _aTesis | ||
| 100 | 1 |
_aCisneros Salazar, Surizadai. _9136501 |
|
| 245 | 1 | 0 |
_aAdición de ácidos grasos poliinsaturados en la dieta del cerdo y su efecto en el múslo Longissimus dorsi / _h[En línea] _cpor Surizadai Cisneros Salazar. |
| 260 |
_aChapingo, Méx. : _bEl autor, _c2019. |
||
| 500 | _aPara ver el contenido del material haga clic en la liga | ||
| 502 | _aTesis (Ing. Agr. Zootecnista) -- Colegio Superior Agropecuario del Estado de Guerrero. Centro de Estudios Profesionales | ||
| 590 |
_aBATCH-UPD _b05 _c20190715 _lUCH01 _h1241 |
||
| 590 |
_aE8697GMM _b05 _c20190710 _lUCH01 _h1429 |
||
| 590 |
_aE8697GMM _b05 _c20190710 _lUCH01 _h1430 |
||
| 590 |
_aE8697GMM _b05 _c20190715 _lUCH01 _h1241 |
||
| 650 | 1 | 4 |
_aGanado porcino _xAlimentación. _945329 |
| 650 | 1 | 4 |
_aGanado porcino _xCrecimiento _xSuplementos. _9132053 |
| 650 | 1 | 4 |
_aGanado porcino _xEngorda. _945362 |
| 650 | 1 | 4 |
_aTilapia _xAlimentación y alimentos. _9126825 |
| 856 |
_aFinding aid _uhttp://10.13.5.2/tesis/sist115827.pdf _zTeclea aquí |
||
| 901 | _aBK | ||
| 942 | _cTESIS | ||
| 942 | _n0 | ||
| 999 |
_c112288 _d112288 |
||